Down and Out in Paris and London/ (Record no. 189561)

MARC details
000 -LEADER
fixed length control field 00642nam a22001817a 4500
005 - DATE AND TIME OF LATEST TRANSACTION
control field 20220808115411.0
010 ## - LCCN (DPL NO)
LC control number B-745268
020 ## - INTERNATIONAL STANDARD BOOK NUMBER
International Standard Book Number 9789389843637
Terms of availability 195.00
035 ## - SYSTEM CONTROL NUMBER
System control number B-745268
037 ## - SOURCE OF ACQUISITION
Source of stock number/acquisition Pharso Books (P) Ltd.
100 ## - MAIN ENTRY--PERSONAL NAME
Personal name Orwell, George
245 ## - TITLE STATEMENT
Title Down and Out in Paris and London/
Statement of responsibility, etc George Orwell
260 ## - PUBLICATION, DISTRIBUTION, ETC. (IMPRINT)
Place of publication, distribution, etc Delhi
Name of publisher, distributor, etc Pharso Books (P) Ltd.
Date of publication, distribution, etc 2020
270 ## - ADDRESS
Address Plot No- 55 ,Main Mother Diary Road Pandav Nagar
City Delhi
Postal code 110092
Telephone number 011-40395855
Electronic mail address sales@pharsobooks.in
300 ## - PHYSICAL DESCRIPTION
Extent 175p.
Dimensions 22cm(pbk)
942 ## - ADDED ENTRY ELEMENTS (KOHA)
Source of classification or shelving scheme Dewey Decimal Classification
Item type English Books
Call number suffix ORW
Classification part 921
Holdings
Withdrawn status Lost status Not for loan Collection code Home library Current library Date acquired Source of acquisition Cost, normal purchase price Full call number Barcode Copy number Cost, replacement price Koha item type Public note
      Non-fiction Kadipur Kadipur 08/08/2022 8.8.2022 /Gift 195.00 921 ORW B-745268 1 195.00 English Books Gift

© Delhi Public Library
Hit Counter
free hit counter